000 00437nam a2200157 i 4500
001 71951
003 ES-MaACL
005 20230906171303.0
007 t|
008 040820s1934 sp ||||1| spa d
100 1 _aGil Acebedo, F.
_956756
245 1 3 _aUn fragmento de mi vida médica /
_cpor F. Gil Acebedo.
260 _aBarcelona :
_b[s.n.,
_c1934] (
_fFidel Rodríguez)
300 _a38 p. ;
_c24 cm.
852 _aES-MaACL
_j1783-F-13
999 _c71951
_d71951